Advanced international trade: theory and evidence

Guardat en:
Dades bibliogràfiques
Autor principal: Feenstra, Robert C (Autor)
Format: Llibre
Idioma:anglès
Publicat: Princeton Princeton University 2004
Edició:1a. ed
Matèries:
Etiquetes: Afegir etiqueta
Sense etiquetes, Sigues el primer a etiquetar aquest registre!

MARC

LEADER 00000nam a2200000 a 4500
001 UCK1322
003 CL-VaPUC
008 041112e20040000us |||||||||||||||||eng|d
020 |a 0691114102 
082 0 4 |a 382.01  |b FEE  |2 21 
100 |a Feenstra, Robert C  |e author  |9 592682 
245 1 0 |a Advanced international trade: theory and evidence 
250 |a 1a. ed 
300 |a 484 p 
942 |c BK 
945 |d 20041112 00:00:00  |a vberengu 
260 |a Princeton  |b Princeton University  |c 2004 
650 7 |a COMERCIO INTERNACIONAL  |2 CL-VaPUC  |9 489076 
650 0 |a Políticas económicas  |9 353940 
583 |a last modification  |c 20171205 02:07:41  |k Rodrigo Vera 
999 |c 311298  |d 311296 
952 |0 0  |1 0  |4 0  |6 382_010000000000000_FEE_2004  |7 0  |8 A  |9 380652  |a BIBENE  |b BIBENE  |d 2019-11-21  |i 4077733  |o 382.01 FEE 2004  |p 4077733  |r 2025-01-15  |w 2019-11-21  |y BK  |k ICO